| 000 | 00540pam a2200193 a 4500 | ||
|---|---|---|---|
| 020 | _a0070631360 (alk. paper) | ||
| 040 | _cDLC | ||
| 082 | 0 | 0 | _a363 MCG 1996 A010 Or. |
| 100 | 1 | _aSwanson, Charles R., | |
| 245 | 1 | 0 | _aCriminal investigation / |
| 250 | _a6th ed. | ||
| 260 |
_aNew York : _bMcGraw-Hill, _cc1996. |
||
| 300 |
_axiv, 801 p. : _bill. (some col.), col. maps ; _c25 cm. |
||
| 650 | 0 | _aCriminal investigation. | |
| 650 | 0 | _aCriminal investigation | |
| 700 | 1 | _aChamelin, Neil C., | |
| 700 | 1 | _aTerrito, Leonard. | |
| 942 | _cEK | ||
| 999 |
_c13704 _d13704 |
||